000 00634nam a2200265Ia 4500
005 20250425161829.0
008 250425s9999 xx 000 0 und d
020 _a961186
041 _aspa
043 _aec
082 _a362.6
100 _aMANCERO SAMAN, ALFREDO
245 0 _aSEGURIDAD SOCIAL Y VEJEZ: LA PRIVATIZACION DE LOS FONDOS DE PENSIONES
250 _a1A ED.
260 _aEcuador
_bCORDES
_c1994
260 _aQUITO
300 _a282
650 _aANCIANOS
650 _aENVEJECIMIENTO
650 _aSEGURIDAD SOCIAL
650 _aSEGURO SOCIAL
710 _aCORDES
942 _c01
010 _a31446
999 _c216973
_d216973